Australian Raptors by Picture - Statistics

General Stats
  • This quiz has been taken 31 times
  • The average score is 13 of 30
Answer Stats
Picture Answer % Correct
Wedge-tailed Eagle
94%
Grey Falcon
71%
Nankeen Kestrel
71%
Osprey
71%
Peregrine Falcon
71%
White-bellied Sea-Eagle
71%
Australian Hobby
65%
Brown Falcon
65%
Black Falcon
59%
Brahminy Kite
59%
Letter-winged Kite
59%
Pacific Baza
53%
Black-shouldered Kite
47%
Spotted Harrier
47%
Whistling Kite
47%
Black Kite
41%
Grey Goshawk
41%
Little Eagle
41%
Square-tailed Kite
35%
Black-breasted Buzzard
29%
Swamp Harrier
29%
Brown Goshawk
18%
Collared Sparrowhawk
18%
Eurasian Hobby
18%
Oriental Honey-Buzzard
18%
Gurney's Eagle
12%
Red Goshawk
12%
Chinese Sparrowhawk
6%
Japanese Sparrowhawk
6%
Long-tailed Honey-Buzzard
0%
No matching quizzes found
Score Distribution
Percent of People with Each Score
Percentile by Number Answered
Your Score History
You have not taken this quiz